00354nam a2200133 a 450000500170000000800410001702000150005805000210007310000180009424500350011226000400014730000210018765000120020820140310183202.0021220s19uu xx 00 eng d a0671571818 aPZ 7b.T326 1982 aTerrill, Dana aMan of velvet /cDana Terrill. aNew York ;bSilhoutte Books,c1982. a187 p. :c17 cm. aFiction